| 000 | 00522cam a2200181ua 4500 | ||
|---|---|---|---|
| 001 | 3868 | ||
| 008 | 111208n ii |||gr||||Z||||||asm | ||
| 040 | _cMAIN | ||
| 082 | _a891.4511 | ||
| 100 |
_aHazarika, Karabi Deka, _eEditor., |
||
| 245 | 1 | 1 |
_aKavitar madbukari nirbachita bharatiya kavita _ced. by Karabi Deka Hazarika |
| 250 | _a1st. | ||
| 260 |
_aDibrugarh: _bKaustubh Prakashan, _c2008. |
||
| 300 |
_a75p: _c23cm. |
||
| 653 | _aAssamese poem | ||
| 653 | _aKavitar madbukari nirbachita bharatiya kavita | ||
| 942 | _cBK | ||
| 999 |
_c3691 _d3691 |
||